[Event "Davos op"]
[Site "Davos"]
[Date "2023.07.01"]
[Round "3"]
[White "Ungureanu, Sandu"]
[Black "Adzic, Slobodan"]
[Result "1-0"]
[WhiteElo "2020"]
[BlackElo "2054"]
[PlyCount "103"]
[EventDate "2023.06.30"]
[EventType "swiss"]
[EventRounds "5"]
[EventCountry "SUI"]
[SourceTitle "EXT 2024"]
[Source "ChessBase"]
[SourceDate "2023.10.10"]
[SourceVersion "1"]
[SourceVersionDate "2023.10.10"]
[SourceQuality "1"]

1. g3 g6 2. d4 Bg7 3. c4 Nf6 4. Nc3 0-0 5. Bg2 d6 6. Nf3 Nc6 7. 0-0 a6 8. Bg5 Rb8 9. a4 Bd7 10. d5 Na5 11. Nd2 c5 12. dxc6 bxc6 13. Rb1 h6 14. Bxf6 Bxf6 15. Qc2 c5 16. Nd5 Bg7 17. b4 cxb4 18. Rxb4 Nc6 19. Rxb8 Nxb8 20. Rb1 Nc6 21. e3 a5 22. Rb7 Bc8 23. Rb6 Nb4 24. Qb3 e6 25. Rxb4 axb4 26. Nxb4 Qb6 27. Nc6 Qxb3 28. Nxb3 Ba6 29. c5 d5 30. Bf1 Bc4 31. Nba5 Bxf1 32. Ne7+ Kh7 33. Kxf1 Ra8 34. Nb7 Bf8 35. Nc6 Rxa4 36. Ne5 Ra1+ 37. Ke2 Rc1 38. Kd2 Rxc5 39. Nxc5 Bxc5 40. Nxf7 Kg7 41. Ne5 Bd6 42. f4 g5 43. Nc6 Kf6 44. h3 h5 45. Ke2 gxf4 46. gxf4 Ba3 47. Kf3 Bc1 48. Nd4 e5 49. fxe5+ Kxe5 50. Ne2 Ba3 51. Nf4 Bb4 52. Nd3+ 1-0

[Event "Celerina op 10th"]
[Site "Celerina"]
[Date "2016.05.15"]
[Round "4"]
[White "Adzic, Slobodan"]
[Black "Naef, Thomas"]
[Result "1/2-1/2"]
[WhiteElo "2126"]
[BlackElo "2082"]
[PlyCount "37"]
[EventDate "2016.05.14"]
[EventType "swiss"]
[EventRounds "5"]
[EventCountry "SUI"]
[SourceTitle "CBM 172 Extra"]
[Source "ChessBase"]
[SourceDate "2016.06.21"]
[SourceVersion "1"]
[SourceVersionDate "2016.06.21"]
[SourceQuality "1"]

1. g3 d5 2. Bg2 c6 3. c4 e6 4. Nf3 Nd7 5. b3 Ngf6 6. 0-0 Bd6 7. d4 0-0 8. Nbd2 e5 9. dxe5 Nxe5 10. Bb2 Qe7 11. cxd5 cxd5 12. Nd4 Bd7 13. Rc1 Rad8 14. Qc2 g6 15. Rfd1 Rfe8 16. Nf1 Rc8 17. Qb1 Bc5 18. Ne3 Neg4 19. Nxg4 1/2-1/2

[Event "Celerina op 10th"]
[Site "Celerina"]
[Date "2016.05.15"]
[Round "3"]
[White "Hasenohr, Benedict"]
[Black "Adzic, Slobodan"]
[Result "1-0"]
[WhiteElo "2240"]
[BlackElo "2126"]
[PlyCount "59"]
[EventDate "2016.05.14"]
[EventType "swiss"]
[EventRounds "5"]
[EventCountry "SUI"]
[SourceTitle "CBM 172 Extra"]
[Source "ChessBase"]
[SourceDate "2016.06.21"]
[SourceVersion "1"]
[SourceVersionDate "2016.06.21"]
[SourceQuality "1"]

1. d4 d5 2. c4 c6 3. cxd5 cxd5 4. Bf4 Nc6 5. Nc3 e6 6. e3 Nf6 7. Bd3 Bd6 8. Bxd6 Qxd6 9. f4 a6 10. Nf3 Nb4 11. Bb1 b5 12. 0-0 Ng4 13. Qd2 f5 14. a4 bxa4 15. Nxa4 0-0 16. Nc5 Qb6 17. Bd3 a5 18. Ra3 Nxd3 19. Rxd3 Qb4 20. Ra1 Rb8 21. h3 Nf6 22. Rb3 Qxb3 23. Nxb3 Rxb3 24. Ra3 Ne4 25. Qc2 Rxa3 26. bxa3 Bd7 27. Qc7 Nf6 28. Ne5 Rc8 29. Qxa5 Be8 30. Qa7 1-0

[Event "San Bernardino op"]
[Site "San Bernardino"]
[Date "2014.10.05"]
[Round "4"]
[White "Adzic, Slobodan"]
[Black "Boschetti, Claudio"]
[Result "0-1"]
[WhiteElo "2151"]
[BlackElo "2109"]
[PlyCount "80"]
[EventDate "2014.10.03"]
[EventType "swiss"]
[EventRounds "5"]
[EventCountry "SUI"]
[SourceTitle "CBM 163 Extra"]
[Source "ChessBase"]
[SourceDate "2014.12.23"]
[SourceVersion "1"]
[SourceVersionDate "2014.12.23"]
[SourceQuality "1"]

1. g3 c5 2. Bg2 e5 3. d3 Nc6 4. Nf3 Nge7 5. Nc3 d6 6. 0-0 h6 7. e4 Bg4 8. h3 Be6 9. Kh2 g5 10. Ne2 Bg7 11. g4 f6 12. Ng3 Bf7 13. Be3 Ng6 14. c3 Nf4 15. Nf5 Bf8 16. Bxf4 gxf4 17. Nd2 h5 18. Bf3 hxg4 19. Bxg4 Qc7 20. a3 Nd8 21. b4 Be6 22. d4 Bd7 23. bxc5 dxc5 24. d5 Nf7 25. Bh5 Bxf5 26. exf5 0-0-0 27. c4 Ng5 28. Bg4 e4 29. f3 e3 30. Nb3 Nxh3 31. Kg2 Nf2 32. Rxf2 exf2 33. Qe2 Bd6 34. Qxf2 Qh7 35. Nd2 Rdg8 36. Kf1 Qh1+ 37. Qg1 Rh2 38. Ne4 Be5 39. Re1 Qxg1+ 40. Kxg1 Rgh8 0-1

[Event "San Bernardino op"]
[Site "San Bernardino"]
[Date "2014.10.05"]
[Round "5"]
[White "Adzic, Slobodan"]
[Black "Medici, Simone"]
[Result "1/2-1/2"]
[WhiteElo "2151"]
[BlackElo "2074"]
[PlyCount "81"]
[EventDate "2014.10.03"]
[EventType "swiss"]
[EventRounds "5"]
[EventCountry "SUI"]
[SourceTitle "CBM 163 Extra"]
[Source "ChessBase"]
[SourceDate "2014.12.23"]
[SourceVersion "1"]
[SourceVersionDate "2014.12.23"]
[SourceQuality "1"]

1. e4 c5 2. Nf3 a6 3. Nc3 Nc6 4. d4 cxd4 5. Nxd4 e6 6. g3 Bb4 7. Bg2 Qa5 8. Nde2 Nf6 9. a3 Bc5 10. 0-0 h5 11. Bd2 Qc7 12. Bf4 e5 13. Bg5 Ne7 14. Qd3 b5 15. b4 Ba7 16. Bxf6 gxf6 17. h4 Bb7 18. Rad1 Rd8 19. Qd6 Qc6 20. Bh3 Bb8 21. Bxd7+ Rxd7 22. Qxb8+ Qc8 23. Qxc8+ Nxc8 24. a4 Rxd1 25. Rxd1 bxa4 26. Nxa4 Bxe4 27. Rd2 Bc6 28. Nc5 Bb5 29. Nc3 f5 30. Nxb5 axb5 31. Nd7 e4 32. Nf6+ Ke7 33. Nd5+ Kd6 34. Nc3+ Kc6 35. Rd5 Nd6 36. Rc5+ Kb6 37. Nd5+ Kb7 38. Nc3 Kb6 39. Nd5+ Kb7 40. Nc3 Kb6 41. Nd5+ 1/2-1/2

[Event "Davos op 11th"]
[Site "Davos"]
[Date "2013.08.08"]
[Round "3"]
[White "Adzic, Slobodan"]
[Black "Milov, Leonid"]
[Result "0-1"]
[WhiteElo "2142"]
[BlackElo "2522"]
[PlyCount "56"]
[EventDate "2013.08.06"]
[EventType "swiss"]
[EventRounds "5"]
[EventCountry "SUI"]
[SourceTitle "CBM 155 Extra"]
[Source "ChessBase"]
[SourceDate "2013.08.26"]
[SourceVersion "1"]
[SourceVersionDate "2013.08.26"]
[SourceQuality "1"]

1. e4 c5 2. Nf3 e6 3. d4 cxd4 4. Nxd4 Nc6 5. Nc3 Qc7 6. g3 a6 7. Bg2 d6 8. 0-0 Bd7 9. a4 Nf6 10. Nb3 Be7 11. f4 0-0 12. a5 Nb4 13. Be3 Rac8 14. Bb6 Qb8 15. g4 Bc6 16. Nd4 Nd7 17. Nxc6 Nxc6 18. g5 Nxb6 19. axb6 Bd8 20. Na4 Bxb6+ 21. Nxb6 Qa7 22. Qxd6 Qxb6+ 23. Kh1 Rfd8 24. Qa3 Nd4 25. Rac1 Nxc2 26. Qe7 Ne3 27. Rxc8 Rxc8 28. Rb1 Qxb2 0-1

[Event "Lakitelek Magyarok op"]
[Site "Lakitelek"]
[Date "2011.08.11"]
[Round "7"]
[White "Adzic, Slobodan"]
[Black "Voros, Gellert"]
[Result "1-0"]
[WhiteElo "2114"]
[BlackElo "1936"]
[PlyCount "69"]
[EventDate "2011.08.06"]
[EventType "swiss"]
[EventRounds "9"]
[EventCountry "HUN"]
[SourceTitle "CBM 144 Extra"]
[Source "ChessBase"]
[SourceDate "2011.10.28"]
[SourceVersion "1"]
[SourceVersionDate "2011.10.28"]
[SourceQuality "1"]

1. e4 e5 2. Nf3 Nc6 3. Bc4 Bc5 4. c3 Nf6 5. d3 d6 6. b4 Bb6 7. Bg5 h6 8. Bh4 Be6 9. Nbd2 0-0 10. 0-0 a6 11. Qb3 Bxc4 12. Nxc4 Ba7 13. Ne3 Nb8 14. Rad1 Nbd7 15. Ng4 Qe7 16. Rfe1 Qe6 17. Nxf6+ Nxf6 18. d4 exd4 19. Nxd4 Qxb3 20. axb3 Nd7 21. Nf5 Rfe8 22. Kf1 Ne5 23. Ne7+ Kf8 24. Nd5 Rac8 25. f3 c6 26. Ne3 Bxe3 27. Rxe3 Ng6 28. Bf2 d5 29. exd5 Rxe3 30. Bxe3 cxd5 31. Bc5+ Ke8 32. Rxd5 b6 33. Bd4 f6 34. Rd6 Nf4 35. g3 1-0

[Event "Lakitelek Magyarok op"]
[Site "Lakitelek"]
[Date "2011.08.08"]
[Round "4"]
[White "Marosi, Levente"]
[Black "Adzic, Slobodan"]
[Result "1/2-1/2"]
[WhiteElo "1957"]
[BlackElo "2114"]
[PlyCount "41"]
[EventDate "2011.08.06"]
[EventType "swiss"]
[EventRounds "9"]
[EventCountry "HUN"]
[SourceTitle "CBM 144 Extra"]
[Source "ChessBase"]
[SourceDate "2011.10.28"]
[SourceVersion "1"]
[SourceVersionDate "2011.10.28"]
[SourceQuality "1"]

1. e4 c5 2. Nf3 e6 3. d4 cxd4 4. Nxd4 a6 5. Bd3 Qc7 6. 0-0 Nf6 7. Qe2 d6 8. c4 Nbd7 9. f4 b6 10. Nc3 Bb7 11. Kh1 Rc8 12. Bd2 g6 13. Rae1 Bg7 14. Nf3 0-0 15. Ng5 Qb8 16. Rf3 Qa8 17. Rh3 Nc5 18. Bb1 d5 19. cxd5 exd5 20. e5 Nfe4 21. Nf3 1/2-1/2

[Event "Szeged Cup IM"]
[Site "Szeged"]
[Date "2010.09.29"]
[Round "4"]
[White "Adzic, Slobodan"]
[Black "Tatar Kis, Szabolcs"]
[Result "0-1"]
[WhiteElo "2126"]
[BlackElo "2376"]
[PlyCount "74"]
[EventDate "2010.09.25"]
[EventType "tourn"]
[EventRounds "9"]
[EventCountry "HUN"]
[SourceTitle "EXT 2019"]
[Source "ChessBase"]
[SourceDate "2018.10.10"]
[SourceVersion "1"]
[SourceVersionDate "2018.10.10"]
[SourceQuality "1"]

1. e4 c5 2. Nf3 d6 3. d4 cxd4 4. Nxd4 Nf6 5. Nc3 g6 6. g3 Nc6 7. Bg2 Nxd4 8. Qxd4 Bg7 9. 0-0 0-0 10. Qb4 Qc7 11. a4 Be6 12. a5 Nd7 13. Bg5 Bxc3 14. bxc3 Ne5 15. Rfb1 Rab8 16. Be3 b6 17. axb6 axb6 18. f4 Nc4 19. Bd4 Rfc8 20. Rf1 f6 21. f5 Bf7 22. h4 Ne5 23. fxg6 hxg6 24. Bh3 Rd8 25. Rab1 b5 26. Qa3 d5 27. Qc5 Qxc5 28. Bxc5 dxe4 29. Bxe7 Rd2 30. Bg2 f5 31. Bg5 Rxc2 32. Bf4 Re8 33. Rxb5 Nf3+ 34. Bxf3 exf3 35. Re5 Rxe5 36. Bxe5 Rg2+ 37. Kh1 Bd5 0-1

[Event "Timisoara Cup-B 4th"]
[Site "Timisoara"]
[Date "2009.08.05"]
[Round "5"]
[White "Adzic, Slobodan"]
[Black "Foisor, Mihaela Veronica"]
[Result "0-1"]
[WhiteElo "2154"]
[BlackElo "2123"]
[PlyCount "112"]
[EventDate "2009.08.01"]
[EventType "tourn"]
[EventRounds "9"]
[EventCountry "ROU"]
[SourceTitle "CBM 131 Extra"]
[Source "ChessBase"]
[SourceDate "2009.09.03"]
[SourceVersion "2"]
[SourceVersionDate "2009.09.16"]
[SourceQuality "1"]

1. g3 d5 2. Bg2 c5 3. Nf3 Nc6 4. 0-0 Nf6 5. d4 e6 6. c4 dxc4 7. Qa4 Bd7 8. dxc5 Na5 9. Qc2 Rc8 10. Ne5 Bxc5 11. Nc3 Nc6 12. Nxc4 0-0 13. Bf4 Qe7 14. Rad1 Nd4 15. Qd3 Bc6 16. Bxc6 Nxc6 17. Bd6 Bxd6 18. Qxd6 Rcd8 19. Qxe7 Nxe7 20. Rxd8 Rxd8 21. Rd1 Rxd1+ 22. Nxd1 Ned5 23. Nd6 b6 24. Nc8 a6 25. f3 b5 26. e4 Nb4 27. a3 Nc6 28. Nc3 Kf8 29. f4 Nd7 30. Kf2 f6 31. Ke3 Ke8 32. g4 Nc5 33. b4 Nb3 34. Nd6+ Kd7 35. Nb7 Kc7 36. Nc5 Nxc5 37. bxc5 Na5 38. a4 Kc6 39. axb5+ axb5 40. e5 fxe5 41. fxe5 Kxc5 42. Ne4+ Kd5 43. Nc3+ Kc4 44. Kd2 Nc6 45. Ne4 Nxe5 46. h4 h6 47. Nd6+ Kc5 48. Ne8 g6 49. Nc7 Nf3+ 50. Kc3 b4+ 51. Kb3 Nd4+ 52. Ka4 Kc4 53. Na6 b3 54. Ka3 Kc3 55. Nc5 Nc2+ 56. Ka4 b2 0-1

[Event "HUN-chT2 Asztalos 0708"]
[Site "Hungary"]
[Date "2008.02.17"]
[Round "6"]
[White "Vrban, Mladen"]
[Black "Adzic, Slobodan"]
[Result "1-0"]
[WhiteElo "2309"]
[BlackElo "2175"]
[PlyCount "63"]
[EventDate "2007.10.14"]
[EventType "team"]
[EventRounds "11"]
[EventCountry "HUN"]
[SourceTitle "EXT 2009"]
[Source "ChessBase"]
[SourceDate "2008.11.26"]
[SourceVersion "1"]
[SourceVersionDate "2008.11.26"]
[SourceQuality "1"]
[WhiteTeam "Nagyatad"]
[BlackTeam "Szekszard"]
[WhiteTeamCountry "HUN"]
[BlackTeamCountry "HUN"]

1. e4 g6 2. d4 Bg7 3. c4 c5 4. Nf3 d6 5. h3 Nf6 6. Nc3 0-0 7. Be2 Nbd7 8. 0-0 cxd4 9. Nxd4 Nc5 10. Bf3 Rb8 11. Be3 a6 12. Rc1 e5 13. Nde2 b5 14. b4 Ne6 15. cxb5 axb5 16. Qd3 Qd7 17. Rfd1 Rd8 18. g4 h6 19. Rc2 Bb7 20. Rcd2 Qe7 21. Bb6 Rd7 22. Ba5 Nd4 23. Bg2 d5 24. Nxd4 dxe4 25. Qg3 e3 26. fxe3 Bxg2 27. Kxg2 Rc8 28. Ndxb5 Rxd2+ 29. Rxd2 Qb7+ 30. Kh2 Ne4 31. Nxe4 Qxe4 32. Nd6 1-0